000 00686nam a22002057a 4500
005 20250613152705.0
010 _aENG-145342
020 _a9789391211042
_c695.00
035 _aEN-128874
037 _bDBAD
082 _a340.072054
245 _aLegal Research and Writing:
_cEdited by Manoj Kumar Sinha [and] Deepa Kharb
_bNew perspectives/
250 _a1
260 _aGurgaon
_bLexis Nexis
_c2023
270 _a14th Floor, Bldg No.10, Tower-B, DLF Cyber City, Phase-II
_bGurgaon
_e122002
300 _axxxiii, 460p.
_c23cm(pb)
700 _aSinha , Manoj Kumar
_eeditor
_982017
700 _aKharb, Deepa
_eeditor
_982018
942 _2ddc
_cEN
_mLEG
_h340.072054
999 _c211796
_d211796